|
|
|
|
| LEADER |
00000nam a2200000 a 4500 |
| 001 |
vtls001423309 |
| 003 |
SK-MaSNL |
| 005 |
20260301202524.0 |
| 008 |
160322s2001 xo ac yd 0 slo |
| 015 |
|
|
|a SNBE2002/01-00127
|
| 020 |
|
|
|a 8096845705
|
| 035 |
|
|
|a SNK000378182
|
| 040 |
|
|
|a SNK
|b slo
|c SNK
|e AACR2
|
| 041 |
0 |
|
|a slo
|
| 044 |
|
|
|a xo
|c SK
|
| 080 |
|
|
|a 796.966(437.624)(083.9)
|2 1981
|
| 245 |
1 |
|
|a Skalický hokejko
|c zostavil: Monika Kušnierová
|
| 260 |
|
|
|a Skalica
|b ARCH-A
|c [2001]
|
| 300 |
|
|
|a [16] s.
|b fotogr.
|c 30 cm
|
| 500 |
|
|
|a Príležitostná publikácia
|
| 500 |
|
|
|a 1000 výt. Nepredajné
|
| 504 |
|
|
|a Biogr. údaje
|
| 650 |
0 |
7 |
|a hokej ľadový
|z Skalica (Slovensko)
|x spravodaje informačné
|2 SNK
|9 299257
|
| 651 |
|
7 |
|a Skalica (Slovensko : okres)
|2 SNK
|9 13231
|
| 655 |
|
7 |
|a informačné publikácie
|2 SNK
|9 70181
|
| 700 |
1 |
|
|a Kušnierová, Monika,
|d 1972-
|4 com
|9 57687
|
| 919 |
|
|
|a 80-968457-0-5
|
| 958 |
|
|
|a TL
|
| 958 |
|
|
|a BQ
|
| 958 |
|
|
|a BX
|
| 999 |
|
|
|c 899145
|d 901075
|
| 952 |
|
|
|t P60, <09>, [BOOK], {629}
|a SNK
|b SNK
|y NEVYP
|7 0
|o snkB 269
|i snk939/20011108
|0 0
|1 0
|4 0
|d 2001-11-06
|l 0
|r 2005-01-02 00:00:00
|w 2026-02-24
|
| 952 |
|
|
|t P60, <03>, [BOOK], {603}
|a SNK
|b SNK
|y PREZ
|7 0
|p 17A0320869
|o snkOSB 13092
|i snkKSP 12532/2001
|0 0
|1 0
|4 0
|d 2001-11-06
|l 0
|r 2005-01-02 00:00:00
|w 2026-02-24
|
| 952 |
|
|
|t P60, <04>, [BOOK], {604}
|a SNK
|b SNK
|y VYP
|7 0
|p 17A0320870
|o snkOSB 13092 D1
|i snkKSP 12533/2001
|0 0
|1 0
|4 0
|d 2001-11-06
|l 0
|r 2005-01-02 00:00:00
|w 2026-02-24
|